Quick Quote Quintuplets: Shakespeare Quiz Stats

 Plays Quiz Updated Dec 1, 2018

Score 0/56 Timer 05:00
2 Plays Today
% Correct
The
97.9%
the
97.9%
The
97.9%
the
97.9%
is
94.4%
is
94.4%
is
94.4%
to
93.7%
To
93.7%
to
93.7%
be
93.2%
be,
93.2%
be:
93.2%
or
92.8%
not
92.8%
that
92.8%
that
92.8%
not
92.8%
question.
92.3%
a
85.2%
All
56%
and
52%
of
52%
gold.
51.4%
glisters
50.5%
he
45.2%
man
44.8%
love
44.4%
% Correct
are
36.5%
but
32.9%
true
28.8%
never
27.2%
fool
27.2%
fool.
27.2%
have
26.3%
did
25.7%
run
23.8%
'em
23.4%
smooth.
23.2%
course
22.3%
Some
20.1%
some
20.1%
some
20.1%
think
19.5%
wise,
19.3%
wise
19.3%
knows
18.9%
great,
17.6%
upon
17.5%
born
17.3%
greatness,
16.3%
greatness
16.3%
thrust
16.1%
doth
16%
achieve
15.3%
himself
15%

You're not logged in!

Compare scores with friends on all Sporcle quizzes.
OR
Log In

Show Comments

Extras

Top Quizzes Today


Score Distribution

Your Account Isn't Verified!

In order to create a playlist on Sporcle, you need to verify the email address you used during registration. Go to your Sporcle Settings to finish the process.

Report this User

Report this user for behavior that violates our Community Guidelines.

Details: